| 000 | 01287nam a2200277 4500 | ||
|---|---|---|---|
| 005 | 20260107102634.0 | ||
| 008 | 260106t20192019uk a br 000 1 eng d | ||
| 020 |
_a9781786178626 _cRM129.90 _qpaperback |
||
| 040 |
_aPPAK _beng _cPPAK _erda |
||
| 082 | 0 | 4 |
_223 _a823.92 |
| 090 | 0 | 0 |
_a823.92 _bVEI _dK |
| 100 | 1 |
_aVeitch, Catherine, _eauthor. |
|
| 245 | 1 | 0 |
_aMy First Book of Dinosaur Stories / _cWritten by Catherine Veitch and Fran Bromage ; Senior Editor: Fran Bromage |
| 246 | 3 | 4 | _aRead me a story |
| 264 | 1 |
_aThaxted, United Kingdom : _bMiles Kelly Publishing, _c2019 |
|
| 264 | 4 | _c©2019 | |
| 300 |
_a384 pages : _bchiefly colour illustrations ; _c23 cm |
||
| 336 |
_atext _2rdacontent |
||
| 337 |
_aunmediated _2rdamedia |
||
| 338 |
_avolume _2rdacarrier |
||
| 520 | _aEleven original stories bring the Triassic, Jurassic and Cretaceous eras alive for young dinosaur fans. Read about an Allosaurus with toothache, a lonely Spinosaurus, a day-dreaming Stegosaurus, a nosy Brachiosaurus, a selfish Plateosaurus, a Psittacosaurus who finds a strange egg, and an Iguanodon who can't sleep! | ||
| 650 | 1 | 0 | _aChildren's stories, English |
| 650 | 2 | 0 |
_aDinosaurs _vJuvenile fiction |
| 700 | 1 |
_aBromage, Fran, _eauthor _eeditor. |
|
| 942 |
_2ddc _cB |
||
| 999 |
_c202597 _d202597 |
||